E. M. Forster's, A passage to India (Record no. 173161)
[ view plain ]
| 000 -LEADER | |
|---|---|
| fixed length control field | 00984cam a2200301 i 4500 |
| 001 - CONTROL NUMBER | |
| control field | 365470 |
| 003 - CONTROL NUMBER IDENTIFIER | |
| control field | Nust |
| 005 - DATE AND TIME OF LATEST TRANSACTION | |
| control field | 20220401100706.0 |
| 008 - FIXED-LENGTH DATA ELEMENTS--GENERAL INFORMATION | |
| fixed length control field | 780309s1974 gr b 000 0 eng |
| 010 ## - LIBRARY OF CONGRESS CONTROL NUMBER | |
| LC control number | 77379428 |
| 038 ## - RECORD CONTENT LICENSOR | |
| Staff Name | Nusrat Nadeem |
| 040 ## - CATALOGING SOURCE | |
| Original cataloging agency | DLC |
| Transcribing agency | DLC |
| Modifying agency | DLC |
| 050 00 - LIBRARY OF CONGRESS CALL NUMBER | |
| Classification number | PR6011.O58 |
| Item number | P3718 |
| 082 00 - DEWEY DECIMAL CLASSIFICATION NUMBER | |
| Classification number | 823/.9/1209 |
| 100 1# - MAIN ENTRY--PERSONAL NAME | |
| Personal name | edited by Peter Childs |
| 9 (RLIN) | 90783 |
| 245 10 - TITLE STATEMENT | |
| Title | E. M. Forster's, A passage to India |
| Remainder of title | a sourcebook |
| Statement of responsibility, etc. | edited by Peter Childs |
| 260 ## - PUBLICATION, DISTRIBUTION, ETC. | |
| Place of publication, distribution, etc. | London |
| Name of publisher, distributor, etc. | Routledge |
| Date of publication, distribution, etc. | 2002. |
| 300 ## - PHYSICAL DESCRIPTION | |
| Extent | 167p |
| Dimensions | 25 cm. |
| 504 ## - BIBLIOGRAPHY, ETC. NOTE | |
| Bibliography, etc. note | Includes bibliographical references. |
| 563 ## - BINDING INFORMATION | |
| Binding note | P.B |
| 600 10 - SUBJECT ADDED ENTRY--PERSONAL NAME | |
| Personal name | Forster, E. M. |
| Fuller form of name | (Edward Morgan), |
| Dates associated with a name | 1879-1970. |
| Title of a work | Passage to India. |
| 9 (RLIN) | 90784 |
| 600 10 - SUBJECT ADDED ENTRY--PERSONAL NAME | |
| Personal name | Orwell, George, |
| Dates associated with a name | 1903-1950. |
| Title of a work | Burmese days. |
| 9 (RLIN) | 90785 |
| 650 #0 - SUBJECT ADDED ENTRY--TOPICAL TERM | |
| Topical term or geographic name entry element | Culture conflict in literature. |
| 9 (RLIN) | 90786 |
| 651 #0 - SUBJECT ADDED ENTRY--GEOGRAPHIC NAME | |
| Geographic name | India |
| General subdivision | In literature. |
| 9 (RLIN) | 90787 |
| 651 #0 - SUBJECT ADDED ENTRY--GEOGRAPHIC NAME | |
| Geographic name | Burma |
| General subdivision | In literature. |
| 9 (RLIN) | 90788 |
| 906 ## - LOCAL DATA ELEMENT F, LDF (RLIN) | |
| a | 7 |
| b | cbc |
| c | orignew |
| d | 4 |
| e | ncip |
| f | 19 |
| g | y-gencatlg |
| 942 ## - ADDED ENTRY ELEMENTS (KOHA) | |
| Source of classification or shelving scheme | |
| Koha item type | Book |
| Withdrawn status | Lost status | Source of classification or shelving scheme | Damaged status | Not for loan | Collection code | Permanent Location | Current Location | Shelving location | Date acquired | Total Checkouts | Full call number | Barcode | Date last seen | Date last checked out | Price effective from | Koha item type |
|---|---|---|---|---|---|---|---|---|---|---|---|---|---|---|---|---|
| Central Library (CL) | Central Library (CL) | General Stacks | 01/19/2017 | 1 | 823/.9/1209 FOR | S3H-S-304 | 04/28/2019 | 03/25/2019 | 01/19/2017 | Book |
